00322nam a2200133Ia 4500100002700000650002500027366000700052654001500059245003000074260003700104082001500141300000800156546002400164 aMc Carthy/Michael etc  aCommunication skills f25 avocabulary aEnglish Vocabulary in use bCambridge University Pressc2001 a371.2bMCC a296 aENGLISHcproduction